| 000 | 00599nam a22001817a 4500 | ||
|---|---|---|---|
| 999 |
_c192295 _d192295 |
||
| 005 | 20220927114704.0 | ||
| 010 | _aENG-135099 | ||
| 020 |
_a9788172653050 _c200.00 |
||
| 035 | _aEN-118631 | ||
| 037 | _bDBAD/PUB | ||
| 082 | _a491.2 | ||
| 100 | _aSavkar S.D. | ||
| 245 |
_aHaunting Echoes in the Fog of History: _cby Sudhir D. Savkar _bEvolution of Sanskrit and its Derivatives |
||
| 260 |
_aPune _bSnehavardhan Publishing House _c2009 |
||
| 270 |
_a863, Sadashiv Peth, Behind Mahatma Phule Sabhagruh _bPune _e411030 |
||
| 300 |
_a76p. _c27cm(hb) |
||
| 942 |
_2ddc _cEN _h491.2 _mSAV |
||